=LDR 00000nam 2200000 4500 =001 INLIS000000000008762 =005 20130612100606 =008 ***********************************Ind** =035 ##$$0010-061300000008762 =041 ##$$a Ind =082 ##$$a 92 =090 ##$$a 92 (Sadino), Sajad =100 ##$$a Sajad, SyamSu'ud =245 ##$$a Agribisnis Yang Membumi, kiat Sukses Bob Sadino, Syamsu'ud Sadjad =260 ##$$a 2001 $b Jakarta =300 ##$$a viii, 128 hlm, ilus, 21 cm =650 ##$$a Sadino, Bob, 1933